00497pab a2200169 454500008004000000100002400040245003600064260000900100300001300109362001000122650002000132773003400152908000600186909001100192999001900203952010500222180718b2014 xxu||||| |||| 00| 0 eng d aChandrasekhar, C.P. aOff - target on monetary policy c2014 ap.27-30. a1 Mar aMonetary policy aEconomic and Political Weekly aN a103549 c103545d103545 00104070aIIPAbIIPAd2018-07-19hVolume no: 49, Issue no: 9pAR104009r2018-07-19w2018-07-19yAR